| 000 | 00337nam a2200121Ia 4500 | ||
|---|---|---|---|
| 005 | 20260328104245.0 | ||
| 008 | 260328s9999||||xx |||||||||||||| ||und|| | ||
| 100 | _aBorrell B., Pedro Juan | ||
| 245 | 0 |
_aArqueologÃa Submarina en la rePublica Dominicana / _cPedro Juan Borrell B. |
|
| 300 | _a137 p. | ||
| 650 | _aARQUEOLOGIA | ||
| 942 | _cBK | ||
| 999 |
_c10019 _d10019 |
||